[Event "ISL-ch Online Rapid"]
[Site "Tornelo INT"]
[Date "2020.12.26"]
[Round "6"]
[White "Geirsson, Kristjan"]
[Black "Omarsson, Josef"]
[Result "1-0"]
[WhiteElo "1728"]
[BlackElo "1247"]
[PlyCount "55"]
[EventDate "2020.12.26"]
[EventType "tourn (rapid)"]
[EventRounds "7"]
[EventCountry "ISL"]
[SourceTitle "CBM 199 Extra"]
[Source "ChessBase"]
[SourceDate "2021.01.31"]
[SourceVersion "1"]
[SourceVersionDate "2021.01.31"]
[SourceQuality "1"]

1. e4 d6 2. d4 Nf6 3. Bd3 g6 4. h3 Bg7 5. Nf3 0-0 6. Be3 Nbd7 7. Nbd2 c5 8. c3 b6 9. 0-0 Bb7 10. Re1 cxd4 11. cxd4 Rc8 12. Rc1 d5 13. e5 Ne8 14. Ng5 e6 15. Qg4 h6 16. Ngf3 h5 17. Qg3 Nc7 18. Nh4 Ba6 19. Bb1 Bb7 20. Nxg6 fxg6 21. Qxg6 Qe8 22. Qh7+ Kf7 23. Bg6+ Ke7 24. Bg5+ Nf6 25. exf6+ Kd6 26. Bxe8 Rcxe8 27. Qxg7 Rg8 28. Qxc7# 1-0

[Event "ISL-ch Online Rapid"]
[Site "Tornelo INT"]
[Date "2020.12.26"]
[Round "3"]
[White "Ptacnikova, Lenka"]
[Black "Geirsson, Kristjan"]
[Result "1-0"]
[WhiteElo "2130"]
[BlackElo "1728"]
[PlyCount "71"]
[EventDate "2020.12.26"]
[EventType "tourn (rapid)"]
[EventRounds "7"]
[EventCountry "ISL"]
[SourceTitle "CBM 199 Extra"]
[Source "ChessBase"]
[SourceDate "2021.01.31"]
[SourceVersion "1"]
[SourceVersionDate "2021.01.31"]
[SourceQuality "1"]

1. d4 Nf6 2. g3 e6 3. Bg2 d5 4. Nf3 Nbd7 5. 0-0 Bd6 6. c4 c6 7. cxd5 exd5 8. Nc3 0-0 9. Bg5 h6 10. Bxf6 Nxf6 11. e3 Re8 12. a3 Bg4 13. Qc2 Qd7 14. Rfc1 Bf5 15. Qd2 Rac8 16. b4 Ne4 17. Qe1 Nf6 18. Na4 b6 19. Qd1 Bh3 20. Bh1 Ne4 21. Nc3 Bg4 22. Qc2 Bf5 23. Qb2 Qe6 24. Nh4 Bh7 25. Ra2 Rc7 26. Qb3 Ng5 27. b5 Nh3+ 28. Kf1 Bd3+ 29. Ke1 Nxf2 30. Kxf2 Qxe3+ 31. Kg2 Be4+ 32. Kh3 Qxc1 33. Bxe4 dxe4 34. Nf5 Qf1+ 35. Kg4 h5+ 36. Kg5 1-0

[Event "Reykjavik op"]
[Site "Reykjavik"]
[Date "2019.04.13"]
[Round "6"]
[White "Walton, Alan J"]
[Black "Geirsson, Kristjan"]
[Result "1-0"]
[WhiteElo "2132"]
[BlackElo "1679"]
[PlyCount "83"]
[EventDate "2019.04.08"]
[EventType "swiss"]
[EventRounds "9"]
[EventCountry "ISL"]
[SourceTitle "CBM 189 Extra"]
[Source "ChessBase"]
[SourceDate "2019.06.03"]
[SourceVersion "1"]
[SourceVersionDate "2019.06.03"]
[SourceQuality "1"]

1. d4 Nf6 2. Bg5 d5 3. e3 e6 4. Bd3 c5 5. c3 Nc6 6. Nf3 c4 7. Bc2 h6 8. Bh4 Be7 9. Nbd2 0-0 10. 0-0 Qc7 11. Bxf6 Bxf6 12. e4 Re8 13. e5 Be7 14. Ne1 f5 15. Qh5 Rf8 16. g4 Bd7 17. gxf5 exf5 18. Ng2 Be8 19. Qf3 Bg5 20. Qxd5+ Bf7 21. e6 Bxd2 22. Qxf5 g6 23. exf7+ Qxf7 24. Qxg6+ Qxg6 25. Bxg6 Rf6 26. Be4 Ne7 27. Rad1 Bf4 28. Nxf4 Rxf4 29. f3 Kg7 30. Kf2 Rd8 31. Rg1+ Kf7 32. Rg4 Rf6 33. Rd2 b5 34. Ke3 Ke6 35. Rdg2 Rdf8 36. R2g3 Kd6 37. Rh3 Re8 38. Rh5 a6 39. Re5 Kd7 40. Rg7 Kd6 41. h4 a5 42. Kd2 1-0

[Event "Reykjavik op"]
[Site "Reykjavik"]
[Date "2019.04.09"]
[Round "3"]
[White "Geirsson, Kristjan"]
[Black "Mai, Alexander Oliver"]
[Result "0-1"]
[WhiteElo "1679"]
[BlackElo "2003"]
[PlyCount "70"]
[EventDate "2019.04.08"]
[EventType "swiss"]
[EventRounds "9"]
[EventCountry "ISL"]
[SourceTitle "CBM 189 Extra"]
[Source "ChessBase"]
[SourceDate "2019.06.03"]
[SourceVersion "1"]
[SourceVersionDate "2019.06.03"]
[SourceQuality "1"]

1. e4 e5 2. Nf3 Nc6 3. Bb5 a6 4. Ba4 Nf6 5. 0-0 Be7 6. Re1 b5 7. Bb3 d6 8. c3 0-0 9. h3 Nb8 10. d4 Nbd7 11. Nbd2 Bb7 12. Bc2 Re8 13. Nf1 Bf8 14. Ng3 g6 15. Bg5 h6 16. Bd2 Bg7 17. Qc1 Kh7 18. Bb3 Qe7 19. Bc2 Qf8 20. d5 c6 21. dxc6 Bxc6 22. Qb1 Qe7 23. Nh4 Ng8 24. Nhf5 gxf5 25. Nxf5 Qf8 26. Re3 Nc5 27. Rg3 Bh8 28. b4 Ne6 29. Qd1 Nf4 30. Bxf4 exf4 31. e5 Rxe5 32. Nxd6+ f5 33. Qh5 fxg3 34. Nxf5 gxf2+ 35. Kh2 Be4 0-1